000 00524nam a2200157 4500
001 107286
003 ES-MaACL
007 t|
008 061121s1953 sp r ||||1| spa d
100 1 _aMornell, Horacio.
_983610
245 1 0 _aManual del galvanotécnico
_b: niquelado, cromado y otras electrodeposiciones /
_cHoracio Mornell, Luis Fernández Ricart.
260 _aBarcelona :
_bSintes,
_c1953.
300 _a307 p. :
_bil. ;
_c22 cm.
700 1 _aRicart, Luis Fernández.
_996861
852 _aES-MaACL
_jC-6099
_bR.35034
999 _c107286
_d107286